Movies Quiz

Random Movies or Quote Quiz

Legal Movies by Quote Quiz Stats

 Plays Quiz not verified by Sporcle

Challenge
Share
Tweet
Embed
Score 0/15 Timer 04:00
0 Plays Today
% Correct
My Cousin Vinny
69.1%
To Kill a Mockingbird
55.9%
12 Angry Men
51.5%
A Few Good Men
47.1%
Philadelphia
44.1%
Erin Brockovich
42.6%
The Lincoln Lawyer
27.9%
Legally Blonde
25%
% Correct
The Paper Chase
25%
Michael Clayton
23.5%
Rounders
13.2%
Legal Eagles
13.2%
The Verdict
10.3%
Anatomy of a Murder
10.3%
Witness for the Prosecution
8.8%

You're not logged in!

Compare scores with friends on all Sporcle quizzes.
Join for Free
OR
Log In

You Might Also Like...

Show Comments

Extras

Top Quizzes Today


Score Distribution

Your Account Isn't Verified!

In order to create a playlist on Sporcle, you need to verify the email address you used during registration. Go to your Sporcle Settings to finish the process.

Report this User

Report this user for behavior that violates our Community Guidelines.

Details: